<A> cognitive approach to language learning
Gespeichert in:
| 1. Verfasser: | |
|---|---|
| Format: | Buch |
| Sprache: | Englisch |
| Veröffentlicht: |
Oxford
Oxford University Press
1998
|
| Schriftenreihe: | Oxford applied linguistics
|
| Schlagworte: | |
| Tags: |
Keine Tags, Fügen Sie das erste Tag hinzu!
|
MARC
| LEADER | 00000nam a2200000 4500 | ||
|---|---|---|---|
| 001 | 0191448 | ||
| 005 | 20240229074313.2 | ||
| 020 | |a 978-0-19-437217-6 | ||
| 041 | 0 | |a eng | |
| 044 | |a GB | ||
| 245 | 1 | 0 | |a <A> cognitive approach to language learning |c Peter Skehan |
| 264 | 1 | |a Oxford |b Oxford University Press |c 1998 | |
| 300 | |a 324 s. | ||
| 490 | 1 | |a Oxford applied linguistics | |
| 830 | 0 | |a Oxford applied linguistics | |
| 610 | 2 | 0 | |a vzdelávanie |
| 610 | 2 | 0 | |a jazykoveda |
| 610 | 2 | 0 | |a vyučovanie |
| 610 | 2 | 0 | |a metodológia |
| 610 | 2 | 0 | |a psychológia |
| 610 | 2 | 0 | |a modely |
| 610 | 2 | 0 | |a pedagogika |
| 100 | 1 | |a Skehan, Peter | |